000 00338 a2200145 4500
001 156716
020 _a8516029441
040 _cEscola São Tomás de Aquino
100 _aFALCÃO, Adriana
240 1 0 _aMania de explicação
_lpor
245 1 0 _aMania de explicação
362 0 _a2001
697 _a*LITERATURA INFANTO
942 _cBK
999 _c156716
_d156716